Integer programming. (Record no. 7843)

MARC details
000 -LEADER
fixed length control field 00535nam a22001937a 4500
003 - CONTROL NUMBER IDENTIFIER
control field OSt
005 - DATE AND TIME OF LATEST TRANSACTION
control field 20231211075709.0
008 - FIXED-LENGTH DATA ELEMENTS--GENERAL INFORMATION
fixed length control field 220321b ||||| |||| 00| 0 eng d
020 ## - INTERNATIONAL STANDARD BOOK NUMBER
International Standard Book Number 0471283665
040 ## - CATALOGING SOURCE
Transcribing agency DDC
082 ## - DEWEY DECIMAL CLASSIFICATION NUMBER
Classification number 519.77 WOL 1998
100 ## - MAIN ENTRY--PERSONAL NAME
Personal name Wolsey, Laurence A.
9 (RLIN) 15953
245 ## - TITLE STATEMENT
Title Integer programming.
260 ## - PUBLICATION, DISTRIBUTION, ETC. (IMPRINT)
Place of publication, distribution, etc. New York :
Name of publisher, distributor, etc. Wiley;
Date of publication, distribution, etc. c1998
300 ## - PHYSICAL DESCRIPTION
Extent xviii, 264 p. :
Other physical details ill. ;
Dimensions 25 cm
504 ## - BIBLIOGRAPHY, ETC. NOTE
Bibliography, etc Includes bibliographical references and index.
650 ## - SUBJECT ADDED ENTRY--TOPICAL TERM
Topical term or geographic name as entry element Integer programming.
9 (RLIN) 15954
942 ## - ADDED ENTRY ELEMENTS (KOHA)
Source of classification or shelving scheme Dewey Decimal Classification
Koha item type Book
Holdings
Withdrawn status Lost status Source of classification or shelving scheme Damaged status Not for loan Home library Current library Date acquired Source of acquisition Inventory number Total Checkouts Full call number Barcode Date last seen Koha item type
    Dewey Decimal Classification     MUST Main Library MUST Main Library 21/03/2022 Purchase 05/24711   519.77 WOL 1998 2022-0530 21/03/2022 Open Shelf
    Dewey Decimal Classification     Main Kihumuro Campus Main Kihumuro Campus 11/12/2023 Purchase 05/24710   519.77 WOL 1998 2023-0723 11/12/2023 Open Shelf